Nutrition and home technology / (Record no. 293130)
[ view plain ]
| 000 -LEADER | |
|---|---|
| fixed length control field | 00741nam a2200241Ia 4500 |
| 008 - FIXED-LENGTH DATA ELEMENTS--GENERAL INFORMATION | |
| fixed length control field | 160404s9999 xx 000 0 und d |
| 020 ## - INTERNATIONAL STANDARD BOOK NUMBER | |
| International Standard Book Number | 971-23-2304-8 |
| 050 ## - LIBRARY OF CONGRESS CALL NUMBER | |
| Classification number | FIL TX 167 |
| 050 ## - LIBRARY OF CONGRESS CALL NUMBER | |
| Item number | .M67 1997 c.3 |
| 100 ## - MAIN ENTRY--PERSONAL NAME | |
| Personal name | Mortola, Roseni G. |
| 245 ## - TITLE STATEMENT | |
| Title | Nutrition and home technology / |
| 245 ## - TITLE STATEMENT | |
| Statement of responsibility, etc | Roseni G. Mortola, Juanita J. Janita. |
| 260 ## - PUBLICATION, DISTRIBUTION, ETC. (IMPRINT) | |
| Place of publication, distribution, etc | Manila : |
| 260 ## - PUBLICATION, DISTRIBUTION, ETC. (IMPRINT) | |
| Name of publisher, distributor, etc | Rex Book Store, Inc., |
| 260 ## - PUBLICATION, DISTRIBUTION, ETC. (IMPRINT) | |
| Date of publication, distribution, etc | 1997 |
| 300 ## - PHYSICAL DESCRIPTION | |
| Extent | 182 pages : |
| 300 ## - PHYSICAL DESCRIPTION | |
| Other physical details | illustrations ; |
| 300 ## - PHYSICAL DESCRIPTION | |
| Dimensions | 22 cm. |
| 500 ## - GENERAL NOTE | |
| General note | Includes bibliographical references. |
| 650 ## - SUBJECT ADDED ENTRY--TOPICAL TERM | |
| Topical term or geographic name as entry element | Home economics -- Study and teaching (Higher) -- Philippines. |
| 650 ## - SUBJECT ADDED ENTRY--TOPICAL TERM | |
| Topical term or geographic name as entry element | Home management. |
| 650 ## - SUBJECT ADDED ENTRY--TOPICAL TERM | |
| General subdivision | Nutrition -- Study and teaching ( Higher) -- Philippines. |
| Withdrawn status | Lost status | Damaged status | Home library | Current library | Shelving location | Date acquired | Total Checkouts | Full call number | Barcode | Date last seen | Price effective from | Koha item type |
|---|---|---|---|---|---|---|---|---|---|---|---|---|
| South Mansfield College | South Mansfield College | Filipiniana Section | 01/09/2008 | FIL TX 167 .M67 1997 c.3 | SMC03725 | 04/04/2016 | 04/04/2016 |